00989nam a2200277Ia 450000500170000000800390001702000150005604100080007110000280007924500760010725000220018330000330020549000230023865000430026165000440030465000450034894200120039326400330040533600270043833700330046533800280049804000350052608400120056199900150057395201230058820220316235622.0121119s2003 ck a jr 000 0 spa a95830078030 aspa1 aCastro Blanco, Elías 10aPor qué lloraban los Tikuna? y otras leyendas cElías Castro Blanco aPrimera edición a66 páginas bilustraciones0 aLiteratura juvenil142LEMBaLeyendas indígenas colombiana 142LEMBaLiteratura indígena colombiana 142LEMBaMitología indígena vLeyendas  2loccBK aBogotábPanamericanac2003 atextobtxt2rdacontent asin mediaciónbn2rdamedia avolumenbnc2rdacarrier aCO-BoRNBPbspaerdacCO-BoRNBP aLM CAS4 c1566d1566 00102ddc40708INFaMEMESETAbMEMESETAd2025-05-19l0oN DIA3p9583007803r2025-05-19 14:55:51tEj.1w2025-05-19yBK